Mạch SCR /

Gorde:
Xehetasun bibliografikoak
Egile nagusia: Nguyễn Minh Đức (Người dịch)
Formatua: Liburua
Hizkuntza:Vietnamese
Argitaratua: Tp.HCM : Tổng hợp TP.HCM , 2004
Edizioa:In lần thứ 1
Gaiak:
Etiketak: Etiketa erantsi
Etiketarik gabe, Izan zaitez lehena erregistro honi etiketa jartzen!
Thư viện lưu trữ: Thư viện Trường CĐ Kỹ Thuật Cao Thắng
LEADER 00651nam a2200205 a 4500
001 TVCDKTCT4111
003 Thư viện trường Cao đẳng Kỹ thuật Cao Thắng
005 20051116000000
008 051116
980 \ \ |a Thư viện Trường CĐ Kỹ Thuật Cao Thắng 
024 |a RG_1 #1 eb0 i1 
041 0 # |a vie 
082 # # |a 621.381 /   |b NG527Đ-m 
100 1 # |a Nguyễn Minh Đức,   |e Người dịch 
245 0 0 |a Mạch SCR /  |c Nguyễn Minh Đức 
250 # # |a In lần thứ 1 
260 # # |a Tp.HCM :  |b Tổng hợp TP.HCM ,  |c 2004 
300 # # |a 136tr. ;  |c 21CM 
650 # 4 |a Điện tử 
650 # 4 |a Mạch SCR